000 00565nam a2200193Ia 4500
003 GCL
008 140319s9999 xx 000 0 ara d
040 _aGCL /
_cGCL
082 0 4 _a257.5
_bح ص
100 1 _aحسين نصار
245 1 0 _aصفحات من القضاء الاسلامى /
_cحسين نصار
260 _a[S.N] :
_bابوللو للنشر والتوزيع ،
_c1992
300 _a342 ص
490 _a
650 0 4 _aالاسلام
650 0 4 _aالشريعة الاسلامية
650 0 4 _aالفقه الاسلامى
942 _2ddc
_cBK
999 _c54002
_d54002